banner koha

Avaliacao microbiologica e sensorial da polpa de goiaba tratada termicamente (Registro n. 164719)

MARC details
000 -LÍDER
campo de controle de tamanho fixo 00944nas a2200313 4500
001 - NÚMERO DE CONTROLE
campo de controle BR0003260
003 - IDENTIFICADOR DO NÚMERO DE CONTROLE
campo de controle BR-BrBNA
005 - DATA E HORÁRIO DA ÚLTIMA TRANSAÇÃO
campo de controle 20231205101923.0
007 - CAMPO FIXO DE DESCRIÇÃO FÍSICA--INFORMAÇÃO GERAL
campo de controle de tamanho fixo ta
008 - CAMPO DE DADOS FIXOS--INFORMAÇÃO GERAL
campo de controle de tamanho fixo 230509b bl.|||p| |||| 00| 00por d
040 ## - FONTE DA CATALOGAÇÃO
Instituição da catalogação original BR-BrBNA
Idioma da catalogação por
Instituição que transcreveu o registro Biblioteca Nacional de Agricultura
041 ## - CÓDIGO DE IDIOMA
Código do idioma do texto/trilha sonora ou título diferente (Pt)
072 ## - CÓDIGO DE CATEGORIA DE ASSUNTO
Código de Categoria de Assunto Q03
100 1# - ENTRADA PRINCIPAL--NOME PESSOAL
Nome pessoal Furtado, A.A.L.
100 1# - ENTRADA PRINCIPAL--NOME PESSOAL
Nome pessoal Cabral, L.M.C.
100 1# - ENTRADA PRINCIPAL--NOME PESSOAL
Nome pessoal Rosa, M. de F.
100 1# - ENTRADA PRINCIPAL--NOME PESSOAL
Nome pessoal Modesta, R.C.D.
100 1# - ENTRADA PRINCIPAL--NOME PESSOAL
Nome pessoal Pontes, S.M.
245 1# - TÍTULO
Título Avaliacao microbiologica e sensorial da polpa de goiaba tratada termicamente
650 ## - ASSUNTO--TERMO TÓPICO
Cabeçalho tópico ou nome geográfico Goiaba
650 ## - ASSUNTO--TERMO TÓPICO
Cabeçalho tópico ou nome geográfico Polpa de Fruta
650 ## - ASSUNTO--TERMO TÓPICO
Cabeçalho tópico ou nome geográfico Tecnologia de Alimento
650 ## - ASSUNTO--TERMO TÓPICO
Cabeçalho tópico ou nome geográfico Analise Organoleptica
650 ## - ASSUNTO--TERMO TÓPICO
Cabeçalho tópico ou nome geográfico Qualidade
650 ## - ASSUNTO--TERMO TÓPICO
Cabeçalho tópico ou nome geográfico Rio de Janeiro
773 0# - ENTRADA ANALÍTICA
Título Revista Brasileira de Fruticultura (Brazil)
ISSN - International Standard Serial Number ISSN 0100-2945
Partes relacionadas (Jul 2000), v. 22(special number) p. 91-95
Número de controle do registro BR0003260
909 ## -
-- 202311
-- Lúcia
-- 55
-- Lúcia Elande
942 ## - ELEMENTOS DE ENTRADA ADICIONADOS (KOHA)
Fonte da classificação ou esquema de arquivamento na estante Classificação AGRIS
Ocultar no OPAC Não
Tipo de material Koha Analítica
Exemplares
Situação do descarte Fonte da classificação ou esquema de arquivamento na estante Situação física Não pode ser emprestado Biblioteca de origem Biblioteca atual Localização na estante Enumeração do periódico / cronologia Total de empréstimos Data de último acesso Número do exemplar Tipo de material Koha Fonte de aquisição
  Classificação AGRIS   Consulta local Biblioteca Nacional de Agricultura - Binagri Biblioteca Nacional de Agricultura - Binagri   (Jul 2000), v. 22(special number) p. 91-95   29/11/2023 01 Periódicos Portaria Interministerial nº 164/94

BINAGRI

Telefone: (61)3218-2567/2388/3357/2097 - binagri@agro.gov.br

Ministério da Agricultura e Pecuária , Esplanada dos Ministérios, Bloco D, Anexo B, Brasília/DF, CEP: 70.043-900